Disney-Figuren auf Englisch und Deutsch Quiz Stats

 Plays Quiz not verified by Sporcle

Score 0/35 Timer 12:00
0 Plays Today
% Correct
Huey
100%
Dewey
100%
Louie
100%
Scrooge
95.8%
Gladstone
87.5%
Gyro
87.5%
Magica
79.2%
Pete
79.2%
Eega
75%
Goldie
70.8%
Flintheart
66.7%
O'Hara
66.7%
Horace
66.7%
Casey
62.5%
Gus
62.5%
Sniff
62.5%
Fethry
58.3%
Moe
58.3%
% Correct
John
58.3%
Morty
58.3%
Quackfaster
58.3%
Hazel
58.3%
Sylvester
58.3%
Scuttle
54.2%
Ferdie
54.2%
Ratface
54.2%
Cornelius
54.2%
Rumpus
54.2%
Jones
50%
Ludwig
50%
Emil
50%
Gilbert
50%
Ellsworth
45.8%
Eli
45.8%
Einmug
45.8%

You're not logged in!

Compare scores with friends on all Sporcle quizzes.
OR
Log In

You Might Also Like...

Show Comments

Extras

Created Sep 1, 2014ReportNominate
Tags:Clickable Quiz, auf, der, deutsch, namen

Top Quizzes Today


Score Distribution

Your Account Isn't Verified!

In order to create a playlist on Sporcle, you need to verify the email address you used during registration. Go to your Sporcle Settings to finish the process.

Report this User

Report this user for behavior that violates our Community Guidelines.

Details: